=LDR 00000nam 2200000 4500 =001 INLIS000000000007803 =005 20200928090812 =035 ##$$a 0010-061300000007803 =008 200928################g##########0#ind## =041 ##$$a Ind =082 ##$$a 363.73 =090 ##$$a 363.73, Sas p =100 1#$$a Sastrawijaya, A. Tresna =245 1#$$a Pencemaran lingkungan /$c A. Tresna Sastrawijaya, M.Sc =260 ##$$a Jakarta :$b Rineka Cipta,$c 2000 =300 ##$$a viii, 274 hlm. : $b ilus ; $c 14,5x20,5 cm. =650 #4$$a Pencemaran Lingkungan =850 ##$$a NBPNMAT =020 ##$$a 979-518-209-9 =084 ##$$a 363.73 SAS p =504 ##$$a Bibliografi : hlm. 273 =990 ##$$a 11167/Pb.98 =990 ##$$a 55.005/Pro.93 =990 ##$$a 55.006/Pro.93 =990 ##$$a 55.007/Pro.93 =990 ##$$a 67.513/Pro.94 =990 ##$$a 67.514/Pro.94 =990 ##$$a 67.515/Pro.94 =990 ##$$a 0001/BPAP-NTB/20142014 =990 ##$$a 0001/BPAP-NTB/2016 =990 ##$$a 20610023 =990 ##$$a 11167/Pb.98 =990 ##$$a 55.005/Pro.93 =990 ##$$a 55.006/Pro.93 =990 ##$$a 55.007/Pro.93 =990 ##$$a 67.513/Pro.94 =990 ##$$a 67.514/Pro.94 =990 ##$$a 67.515/Pro.94 =990 ##$$a 0001/BPAP-NTB/20142014 =990 ##$$a 10606815 =990 ##$$a 11167/Pb.98 =990 ##$$a 55.005/Pro.93 =990 ##$$a 55.006/Pro.93 =990 ##$$a 55.007/Pro.93 =990 ##$$a 67.513/Pro.94 =990 ##$$a 67.514/Pro.94 =990 ##$$a 67.515/Pro.94 =990 ##$$a 20610023 =990 ##$$a 67.515/Pro.94 =990 ##$$a 11167/Pb.98 =990 ##$$a 55.005/Pro.93 =990 ##$$a 55.006/Pro.93 =990 ##$$a 55.007/Pro.93 =990 ##$$a 67.513/Pro.94 =990 ##$$a 67.514/Pro.94 =990 ##$$a 10606815 =990 ##$$a 20610023 =990 ##$$a 67.515/Pro.94 =990 ##$$a 11167/Pb.98 =990 ##$$a 55.005/Pro.93 =990 ##$$a 55.006/Pro.93 =990 ##$$a 55.007/Pro.93 =990 ##$$a 67.513/Pro.94 =990 ##$$a 67.514/Pro.94 =990 ##$$a 10606815 =990 ##$$a 20610023 =990 ##$$a 67.514/Pro.94 =990 ##$$a 11167/Pb.98 =990 ##$$a 55.005/Pro.93 =990 ##$$a 55.006/Pro.93 =990 ##$$a 55.007/Pro.93 =990 ##$$a 67.513/Pro.94 =990 ##$$a 67.515/Pro.94 =990 ##$$a 10606815 =990 ##$$a 20610023 =990 ##$$a 55.006/Pro.93 =990 ##$$a 11167/Pb.98 =990 ##$$a 55.005/Pro.93 =990 ##$$a 55.007/Pro.93 =990 ##$$a 67.513/Pro.94 =990 ##$$a 67.514/Pro.94 =990 ##$$a 67.515/Pro.94 =990 ##$$a 10606815 =990 ##$$a 20610023 =990 ##$$a 11167/Pb.98 =990 ##$$a 55.005/Pro.93 =990 ##$$a 55.006/Pro.93 =990 ##$$a 55.007/Pro.93 =990 ##$$a 67.513/Pro.94 =990 ##$$a 67.514/Pro.94 =990 ##$$a 67.515/Pro.94 =990 ##$$a 10606815 =990 ##$$a 20610023